| 000 | 00378nam a2200133Ia 4500 | ||
|---|---|---|---|
| 008 | 220204s9999 xx 000 0 und d | ||
| 082 |
_a581.2:58.036.5 _bOLI |
||
| 100 | _aOLIEN, Charles Robert | ||
| 245 | 0 | _aAnalysis and improvement of plant cold hardiness. | |
| 260 |
_aFlorida _bCRC Press _c1981 |
||
| 650 | _aPlant cold hardiness | ||
| 700 | _aSMITH, Myrtle N | ||
| 942 | _cBK | ||
| 999 |
_c37030 _d37030 |
||